| 000 | 00388nam a22001337a 4500 | ||
|---|---|---|---|
| 040 | _cNust | ||
| 082 |
_a658.155 _bWHI'P |
||
| 100 |
_aJohn A. White _913195 |
||
| 245 | _aPrinciples of Engineering Economic Analysis | ||
| 250 | _a3rd Edition | ||
| 260 |
_aNew York: _bJohn Wiley and sons Inc. _c1989. |
||
| 650 |
_aPrinciples of Engineering Economic Analysis _9107025 |
||
| 942 |
_2ddc _cBK |
||
| 999 |
_c611928 _d611928 |
||